MyGZULibrary

Museum basics / (Record no. 14)

MARC details
000 -LEADER
fixed length control field 01411cam a2200397 a 4500
001 - CONTROL NUMBER
control field 17005026
003 - CONTROL NUMBER IDENTIFIER
control field GZU
005 - DATE AND TIME OF LATEST TRANSACTION
control field 20200325132233.0
008 - FIXED-LENGTH DATA ELEMENTS--GENERAL INFORMATION
fixed length control field 111018s2012 enka bf 001 0 eng
010 ## - LIBRARY OF CONGRESS CONTROL NUMBER
LC control number 2011042092
016 7# - NATIONAL BIBLIOGRAPHIC AGENCY CONTROL NUMBER
Record control number 015998113
Source Uk
020 ## - INTERNATIONAL STANDARD BOOK NUMBER
International Standard Book Number 9780415619332 (hbk. : alk. paper)
020 ## - INTERNATIONAL STANDARD BOOK NUMBER
International Standard Book Number 0415619335 (hbk. : alk. paper)
020 ## - INTERNATIONAL STANDARD BOOK NUMBER
International Standard Book Number 9780415619349 (pbk. : alk. paper)
020 ## - INTERNATIONAL STANDARD BOOK NUMBER
International Standard Book Number 0415619343 (pbk. : alk. paper)
020 ## - INTERNATIONAL STANDARD BOOK NUMBER
International Standard Book Number 9780203121825 (ebook)
020 ## - INTERNATIONAL STANDARD BOOK NUMBER
International Standard Book Number 0203121821 (ebook)
035 ## - SYSTEM CONTROL NUMBER
System control number (OCoLC)ocn731925311
040 ## - CATALOGING SOURCE
Original cataloging agency DLC
Language of cataloging eng
Transcribing agency DLC
Modifying agency YDX
-- BTCTA
-- YDXCP
-- YNK
-- CDX
-- UKMGB
-- DLC
042 ## - AUTHENTICATION CODE
Authentication code pcc
050 00 - LIBRARY OF CONGRESS CALL NUMBER
Classification number AM5
Item number .A43 2012
082 00 - DEWEY DECIMAL CLASSIFICATION NUMBER
Classification number 069
Edition number 23
100 1# - MAIN ENTRY--PERSONAL NAME
Personal name Ambrose, Tim.
Relator term author
245 10 - TITLE STATEMENT
Title Museum basics /
Statement of responsibility, etc. Timothy Ambrose and Crispin Paine.
250 ## - EDITION STATEMENT
Edition statement 3rd ed.
260 ## - PUBLICATION, DISTRIBUTION, ETC.
Place of publication, distribution, etc. Abingdon, Oxon ;
-- New York :
Name of publisher, distributor, etc. Routledge,
Date of publication, distribution, etc. 2012.
300 ## - PHYSICAL DESCRIPTION
Extent xix, 476 p. :
Other physical details ill. ;
Dimensions 25 cm.
500 ## - GENERAL NOTE
General note "Simultaneously published in the USA and Canada"--T.p. verso.
504 ## - BIBLIOGRAPHY, ETC. NOTE
Bibliography, etc. note Includes bibliographical references and index.
650 #0 - SUBJECT ADDED ENTRY--TOPICAL TERM
Topical term or geographic name entry element Museums
Form subdivision Handbooks, manuals, etc.
650 #0 - SUBJECT ADDED ENTRY--TOPICAL TERM
Topical term or geographic name entry element Museum techniques
Form subdivision Handbooks, manuals, etc.
700 1# - ADDED ENTRY--PERSONAL NAME
Personal name Paine, Crispin.
Relator term author
906 ## - LOCAL DATA ELEMENT F, LDF (RLIN)
a 7
b cbc
c orignew
d 1
e ecip
f 20
g y-gencatlg
942 ## - ADDED ENTRY ELEMENTS (KOHA)
Source of classification or shelving scheme Library of Congress Classification
Koha item type Books
Classification part 5
Item part AMB
Call number prefix AM
Holdings
Withdrawn status Lost status Damaged status Not for loan Collection code Home library Current library Shelving location Date acquired Source of acquisition Total Checkouts Full call number Barcode Date last seen Copy number Price effective from Koha item type Inventory number Date last checked out
        Non-fiction City Campus Library City Campus Library General Stacks 08/15/2019 Purchase   AM5 AMB 2012 030744 12/10/2024 c.1 03/25/2020 Books    
        Non-fiction City Campus Library City Campus Library General Stacks 07/11/2013 Purchase   AM5 AMB 2012 007584 12/10/2024 c.2 03/25/2020 Books    
        Non-fiction City Campus Library City Campus Library General Stacks 07/11/2013 Purchase   AM5 AMB 2012 007578 12/10/2024 c.3 03/25/2020 Books    
        Non-fiction Mashava Campus Library Mashava Campus Library General Stacks 05/03/2021 Purchase   AM5. AMB 2017 007577 05/03/2021 C.4 05/03/2021 Books 007577  
        Non-fiction Mashava Campus Library Mashava Campus Library General Stacks 05/03/2021 Purchase 1 AM5. AMB 2017 007576 09/05/2022 C.5 05/03/2021 Books 007576 08/31/2022